000 00646nam a2200241Ia 4500
003 OSt
005 20220924131445.0
006 a|||||r|||| 00| 0
007 ta
008 220923b |||||||| |||| 00| 0 san d
024 _a247032
037 _cTextual
040 _aARTS
_cARTS
_bsan
041 _2san
_asan
082 _aO15x, 152K4.1
100 _aRai Ram Kumar
_98816
245 0 _aOriginal Sanskrit text
260 _aVaranasi
_bChowkhamba Vidyabhawan India
_c1964
300 _a574p.
_ccm.
650 _aSANSKRIT LITERATURE
942 _hO15x, 152K4.1
_cTEXL
_2CC
999 _c427195
_d427195